<?xml version="1.0" encoding="UTF-8"?>
<record
    xmlns:xsi="http://www.w3.org/2001/XMLSchema-instance"
    xsi:schemaLocation="http://www.loc.gov/MARC21/slim http://www.loc.gov/standards/marcxml/schema/MARC21slim.xsd"
    xmlns="http://www.loc.gov/MARC21/slim">

  <leader>01194nam0a22002411  4500</leader>
  <controlfield tag="001">rc\332465</controlfield>
  <controlfield tag="005">20250621041406.0</controlfield>
  <datafield tag="035" ind1=" " ind2=" ">
    <subfield code="a">(NLR Aleph) 005567693</subfield>
  </datafield>
  <datafield tag="090" ind1=" " ind2=" ">
    <subfield code="a">5978664</subfield>
    <subfield code="c">5978664</subfield>
  </datafield>
  <datafield tag="100" ind1=" " ind2=" ">
    <subfield code="a">20030307d1989    |||y0rusy50      ca</subfield>
  </datafield>
  <datafield tag="101" ind1="0" ind2=" ">
    <subfield code="a">rus</subfield>
  </datafield>
  <datafield tag="102" ind1=" " ind2=" ">
    <subfield code="a">RU</subfield>
  </datafield>
  <datafield tag="105" ind1=" " ind2=" ">
    <subfield code="a">y   |||||||||</subfield>
  </datafield>
  <datafield tag="200" ind1="1" ind2=" ">
    <subfield code="a">&#x411;&#x438;&#x43E;&#x442;&#x435;&#x445;&#x43D;&#x43E;&#x43B;&#x43E;&#x433;&#x438;&#x447;&#x435;&#x441;&#x43A;&#x438;&#x435; &#x441;&#x43F;&#x43E;&#x441;&#x43E;&#x431;&#x44B; &#x43E;&#x447;&#x438;&#x441;&#x442;&#x43A;&#x438; &#x441;&#x442;&#x43E;&#x447;&#x43D;&#x44B;&#x445; &#x432;&#x43E;&#x434;</subfield>
    <subfield code="e">&#x420;&#x435;&#x444;. &#x441;&#x431;.</subfield>
    <subfield code="f">&#x41C;&#x435;&#x436;&#x434;&#x443;&#x43D;&#x430;&#x440;. &#x446;&#x435;&#x43D;&#x442;&#x440; &#x43D;&#x430;&#x443;&#x447;. &#x438; &#x442;&#x435;&#x445;&#x43D;. &#x438;&#x43D;&#x444;&#x43E;&#x440;&#x43C;. (&#x433;&#x43E;&#x43B;&#x43E;&#x432;&#x43D;&#x43E;&#x439; &#x43E;&#x440;&#x433;&#x430;&#x43D; &#x41C;&#x421;&#x418;&#x421; &#x41D;&#x418;&#x420;), &#x41D;&#x418;&#x418; &#x432;&#x43E;&#x434;. &#x445;&#x43E;&#x437;-&#x432;&#x430; &#x433;. &#x411;&#x440;&#x430;&#x442;&#x438;&#x441;&#x43B;&#x430;&#x432;&#x430; (&#x433;&#x43E;&#x43B;&#x43E;&#x432;&#x43D;&#x43E;&#x439; &#x43E;&#x440;&#x433;&#x430;&#x43D; &#x412;&#x43E;&#x434;&#x43E;&#x438;&#x43D;&#x444;&#x43E;&#x440;&#x43C;)</subfield>
  </datafield>
  <datafield tag="210" ind1=" " ind2=" ">
    <subfield code="a">&#x41C;.</subfield>
    <subfield code="c">&#x41C;&#x426;&#x41D;&#x422;&#x418;</subfield>
    <subfield code="d">1989</subfield>
  </datafield>
  <datafield tag="215" ind1=" " ind2=" ">
    <subfield code="a">[1], 32 &#x441;.</subfield>
    <subfield code="d">30</subfield>
  </datafield>
  <datafield tag="225" ind1="1" ind2=" ">
    <subfield code="a">&#x418;&#x43D;&#x444;&#x43E;&#x440;&#x43C;&#x430;&#x446;&#x438;&#x43E;&#x43D;&#x43D;&#x43E;&#x435; &#x43E;&#x431;&#x435;&#x441;&#x43F;&#x435;&#x447;&#x435;&#x43D;&#x438;&#x435; &#x43A;&#x43E;&#x43C;&#x43F;&#x43B;&#x435;&#x43A;&#x441;&#x43D;&#x43E;&#x439; &#x43F;&#x440;&#x43E;&#x433;&#x440;&#x430;&#x43C;&#x43C;&#x44B; &#x43D;&#x430;&#x443;&#x447;&#x43D;&#x43E;-&#x442;&#x435;&#x445;&#x43D;&#x438;&#x447;&#x435;&#x441;&#x43A;&#x43E;&#x433;&#x43E; &#x43F;&#x440;&#x43E;&#x433;&#x440;&#x435;&#x441;&#x441;&#x430; &#x441;&#x442;&#x440;&#x430;&#x43D;-&#x447;&#x43B;&#x435;&#x43D;&#x43E;&#x432; &#x421;&#x42D;&#x412; &#x434;&#x43E; 2000 &#x433;&#x43E;&#x434;&#x430;</subfield>
    <subfield code="i">&#x41F;&#x440;&#x438;&#x43E;&#x440;&#x438;&#x442;&#x435;&#x442;&#x43D;&#x43E;&#x435; &#x43D;&#x430;&#x43F;&#x440;&#x430;&#x432;&#x43B;&#x435;&#x43D;&#x438;&#x435; "&#x423;&#x441;&#x43A;&#x43E;&#x440;&#x435;&#x43D;&#x43D;&#x43E;&#x435; &#x440;&#x430;&#x437;&#x432;&#x438;&#x442;&#x438;&#x435; &#x431;&#x438;&#x43E;&#x442;&#x435;&#x445;&#x43D;&#x43E;&#x43B;&#x43E;&#x433;&#x438;&#x438;"</subfield>
  </datafield>
  <datafield tag="333" ind1=" " ind2=" ">
    <subfield code="a">&#x414;&#x421;&#x41F;. &#x42D;&#x43A;&#x437;. &#x2116; 0000007</subfield>
  </datafield>
  <datafield tag="801" ind1=" " ind2="0">
    <subfield code="a">RU</subfield>
    <subfield code="b">NLR</subfield>
    <subfield code="g">psbo</subfield>
  </datafield>
  <datafield tag="801" ind1=" " ind2="1">
    <subfield code="a">RU</subfield>
    <subfield code="b">ELAR</subfield>
    <subfield code="2">rusmarc</subfield>
  </datafield>
  <datafield tag="852" ind1=" " ind2=" ">
    <subfield code="a">NLR</subfield>
    <subfield code="j">90-50&#x41A;/281</subfield>
  </datafield>
  <datafield tag="942" ind1=" " ind2=" ">
    <subfield code="c">BOOK</subfield>
  </datafield>
  <datafield tag="980" ind1=" " ind2=" ">
    <subfield code="a">NB</subfield>
  </datafield>
  <datafield tag="995" ind1=" " ind2=" ">
    <subfield code="5">2013-10-26</subfield>
    <subfield code="b">NLR01</subfield>
    <subfield code="c">NLR01</subfield>
    <subfield code="e">NZ5</subfield>
    <subfield code="f">5567693-10</subfield>
    <subfield code="k">90-50&#x41A;/281</subfield>
    <subfield code="o">0</subfield>
    <subfield code="r">BOOK</subfield>
    <subfield code="s">9050281_</subfield>
  </datafield>
</record>
